000 00384nam a2200133Ia 4500
008 220217s9999 xx 000 0 und d
245 0 _aSpecification for rubberized hair components
260 _aLondon
260 _c1966
_bBSI
490 _aBritish standards-automobile series
500 _aStandard number: BS A.U 123
650 _aRubber, automobile hair components
942 _cST
999 _c73287
_d73287